00302nam a22001337a 4500003000400000020001800004082001800022100001800040245002900058250000800087260004600095300001000141650001700151SGT a9788181913289 a617.643bT19S aGowri Shankar aTextbook of Orthodontics a1st aNEW DELHI bParas Medical Publisherc2019 a1-788 aOrthodontics